Manual of traffic engineering studies (Record no. 33603)

000 -LEADER
fixed length control field 00526nam a22001937a 4500
001 - CONTROL NUMBER
control field 33603
003 - CONTROL NUMBER IDENTIFIER
control field BD-DhUET
008 - FIXED-LENGTH DATA ELEMENTS--GENERAL INFORMATION
fixed length control field 150917b xxu||||| |||| 00| 0 eng d
040 ## - CATALOGING SOURCE
Transcribing agency DLC
Modifying agency BD-DhUET
082 ## - DEWEY DECIMAL CLASSIFICATION NUMBER
Classification number 388.312
Item number CLE/1964
100 ## - MAIN ENTRY--PERSONAL NAME
Personal name Cleveland, Donald E.
245 ## - TITLE STATEMENT
Title Manual of traffic engineering studies
250 ## - EDITION STATEMENT
Edition statement 3rd ed.
260 ## - PUBLICATION, DISTRIBUTION, ETC. (IMPRINT)
Place of publication, distribution, etc. Woshington .D. C.
Name of publisher, distributor, etc. Institute of traffic Engineers
Date of publication, distribution, etc. 1964
300 ## - PHYSICAL DESCRIPTION
Extent xii, 187 p.
Other physical details ill
504 ## - BIBLIOGRAPHY, ETC. NOTE
Bibliography, etc Includes bibliographies
650 #0 - SUBJECT ADDED ENTRY--TOPICAL TERM
Topical term or geographic name as entry element Traffic engineering
942 ## - ADDED ENTRY ELEMENTS (KOHA)
Koha item type Edited Book
Holdings
Koha normalized classification for sorting Date acquired Sublocation or collection (holding branch) Lost status Piece designation (barcode) Price effective from Source of classification or shelving scheme Shelving location Copy number Withdrawn status Damaged status Not for loan Location (home branch) Koha item type Koha full call number Koha date last seen
388_312000000000000_CLE_19642015-09-17Central Library, BUET 843622015-09-17 Reference section1   Central Library, BUETEdited Book388.312/CLE/19642015-09-17
388_312000000000000_CLE_19642017-03-12Central Library, BUET 221302017-03-12 Circulation section2   Central Library, BUETEdited Book388.312/CLE/19642017-03-25
388_312000000000000_CLE_19642017-03-12Central Library, BUET 221282017-03-12 Circulation section3   Central Library, BUETEdited Book388.312/CLE/19642017-03-12
388_312000000000000_CLE_19642017-03-12Central Library, BUET 221262017-03-12 Circulation section4   Central Library, BUETEdited Book388.312/CLE/19642017-03-12
388_312000000000000_CLE_19642017-03-12Central Library, BUET 221272017-03-12 Circulation section5   Central Library, BUETEdited Book388.312/CLE/19642017-03-12
388_312000000000000_CLE_19642017-03-12Central Library, BUET 221292017-03-12 Circulation section6   Central Library, BUETEdited Book388.312/CLE/19642017-03-12